LEADER 01048nam a2200253 i 4500 001 000000173868 003 CaOOAMICUS 005 20250708145220.0 008 080801s1964 it u000 u ita u 013 $a151322 040 $aSeMil$bita 100 1 $aBreglia, Laura.$0(OLS)http://semarc/name/64956 245 10$aNumismatica antica :$bstoria e metodologia /$cLaura Breglia. 260 $aMilano :$bFeltrinelli,$c1964. 300 $a312 p., [46] p. di tav. ;$c23 cm. 490 0 $aI fatti e le idee : Saggi e biografie ;$v111 650 4$aNumismatica antica.$0(OLS)http://semarc/subject/58121 650 4$aNumismatica - Roma antica.$0(OLS)http://semarc/subject/49626 830 2$aI fatti e le idee ;$v111.$0(OLS)http://semarc/title/9191 850 $aSeMil 852 $aSeMil$W1$xVenegono$y1$m3S III 34$j237783$B124713$CSeMilBibl$Z2$F135788 $81 996 $6245$aNumismatica antica :$bstoria e metodologia$9(OLS)http://semarc/title/249170 996 $6260$aMilano :$bFeltrinelli$9(OLS)http://semarc/publisher/30237 LEADER 01020nam a2200205 i 4500 001 000000248760 003 CaOOAMICUS 005 20250320141207.0 008 160411s1770 xx u000 u lat u 013 $a227665 026 $ao-ea S.L. 8.am biri (3) 1770 (R) 040 $aSeMil$bita 245 10$aTomus 4. Accedit ab auctore proposita veteris sententiae defensio super eucharisticae consecrationis forma, .. 300 $aXII, 399, [1] p. 500 $aSegn.: a6 A-3D4 773 0 $aLe Brun, Pierre <1661-1719>$tExplicatio litteralis, historica, et dogmatica precum, et caerimoniarum Missae ab ad M. R.P. Petro Le Brun ... gallice jam edita; nunc vero a rev. et excell. Joanne Antonio Dalmaso ... latine reddita.$g4$w()33113 850 $aSeMil 852 $aSeMil$W1$xVenegono$y1$m3K V 67 FA$j199106$B199106$CSeMilBibl$Z2$F210487 $8I 996 $6245$aTomus 4. Accedit ab auctore proposita veteris sententiae defensio super eucharisticae consecrationis forma, ..$9(OLS)http://semarc/title/350982 LEADER 00949nam a2200217 4500 001 000000339239 003 CaOOAMICUS 005 20200204154550.0 008 200204s1810 it a 000 u ita r 040 $aSeMil$bita 245 00$aVol. 3. 264 1$aMilano :$bPresso Pirotta e Maspero,$c1810. 300 $aP. LXIV, 733-1087, [1] ;$c8° 700 11$aSangiorgio, Paolo.$0(OLS)http://semarc/name/91962 752 $aIT$dMilano 773 0 $aSangiorgio, Paolo$tIstoria delle piante medicate e delle loro parti e prodotti conosciuti sotto il nome di droghe officinali di Paolo Sangiorgio ... Volume 1. [-4.].$dMilano : Presso Pirotta e Maspero, 1809-1810.$g3$w()339236 850 $aSeMil 852 $aSeMil$W1$xVenegono$y1$m3XC I 4 FA$j218419$B230353$CSeMilBibl$Z2$F230353 $8I 996 $6245$aVol. 3$9(OLS)http://semarc/title/80712 996 $6264$aMilano :$bPresso Pirotta e Maspero$9(OLS)http://semarc/publisher/39245 LEADER 01052nam a2200253 i 4500 001 000000344878 003 CaOOAMICUS 005 20210323153313.0 008 210315s1960 fr a u001 u fre u 040 $aSeMil$bita 245 14$aLes paysans /$corné de quatorze illustrations de Schem et d'un portrait de Balzac. 300 $aXV, 431 p. :$bill. 500 $aEsemplare n. 1180 541 $aFondo mons. Pasquale Macchi (1V IV 328) 650 4$aBalzac, Honoré : de <1799-1850> - Opere.$0(OLS)http://semarc/subject/18934 700 1 $aBalzac, Honoré : de,$d<1799-1850>.$0(OLS)http://semarc/name/3887 700 1 $aSchem,$eillustratore.$0(OLS)http://semarc/name/113269 773 0 $aBalzac, Honoré : de <1799-1850>$tComédie humaine.$dGivors : André Martel, 1950.$w()344874 850 $aSeMil 852 $aSeMil$W1$xVenegono$y1$m1V IV 328$j225187$B235938$CSeMilBibl$Z2$F235938 $81 941 1 $a8 961 $aFondo mons. Pasquale Macchi 996 $6245$aLes paysans$9(OLS)http://semarc/title/433971 LEADER 00770nam a2200181 i 4500 001 000000231796 003 CaOOAMICUS 005 20140812000000.0 008 140812s1827 it u000 u ita u 013 $a210699 026 $asano i.lo e.iu roqu (3) 1827 (R) 040 $aSeMil$bita 245 10$aTomo 2. 300 $a[2], 278, [2], 12 p., 37 carte di tav. :$binc. 773 0 $aRudoni, Pietro$tGesù Cristo nei Due Testamenti. Del can.co Pietro Rudoni teol.go nella Collegiata di San Babila di Milano Tomo 1. [-3].$dIn Lodi : ppresso G.B. Orcesi e presso l'incisore Stucchi in Milano, 1827-1828.$g2$w()30303 850 $aSeMil 852 $aSeMil$W1$xVenegono$y1$m2X IV 33 FA$j182142$B182142$CSeMilBibl$Z2$F193176 $8I 996 $6245$aTomo 2$9(OLS)http://semarc/title/49331 LEADER 01002nam a2200241 i 4500 001 000000016322 003 CaOOAMICUS 005 20200507100817.0 008 180830s1967 it u000 u ita u 040 $aSeMil$bita 100 1 $aFrançois : de Sales,$c.$0(OLS)http://semarc/name/1031 245 10$aTutte le lettere /$cSan Francesco di Sales ; edizione italiana a cura di Luigi Rolfo. 260 $aRoma :$bPaoline,$c1967. 300 $a3 v. (1015 p., [16] p. di tav. ) ;$c20 cm. 650 4$aFrancesco : di Sales - Lettere e carteggi.$0(OLS)http://semarc/subject/413 700 1 $aRolfo, Luigi.$0(OLS)http://semarc/name/7535 774 0 $t1: 1585-1610.$w()54454 774 0 $t1611-1618.$w()153007 774 0 $t1619-1622.$w()153009 830 0$aPatristica.$0(OLS)http://semarc/title/6204 996 $6245$aTutte le lettere$9(OLS)http://semarc/title/2789 996 $6260$aRoma :$bPaoline$9(OLS)http://semarc/publisher/29686 LEADER 01295nam a2200265 i 4500 001 000000038631 003 CaOOAMICUS 005 20070125000000.0 008 931231s1989 be u000 u mul u 013 $a9223 020 $a90-6831-227-8 040 $aSeMil$bita 245 10$aLate Greek Fathers, Latin Fathers after Nicea, Nachleben of the Fathers /$cedited by Elizabeth A. Livingstone. 300 $aIX, 313 p. 490 0 $aStudia patristica ;$v23 650 4$aPatristica - Studi.$0(OLS)http://semarc/subject/3628 700 1 $aLivingstone, Elizabeth Anne.$0(OLS)http://semarc/name/7854 700 1 $aInternational Conference on Patristic Studies <10. ; 1987 ; Oxford>.$0(OLS)http://semarc/name/7857 773 0 $tPapers presented to the Tenth International Conference on Patristic Studies held in Oxford 1987.$dLeuven : Peeters, 1989.$kStudia patristica $w()17139 830 0$aStudia patristica ;$v23.$0(OLS)http://semarc/title/22570 850 $aSeMil 852 $aSeMil$W1$xVenegono$y1$m2UA D 23$j228465$B4786$CSeMilBibl$Z2$F4786 $81 961 $aSottoscrizione: Peeters 996 $6020$a90-6831-227-8$9(OLS)http://semarc/number/7973 996 $6245$aLate Greek Fathers, Latin Fathers after Nicea, Nachleben of the Fathers$9(OLS)http://semarc/title/54604 LEADER 00822nam a2200205 i 4500 001 000000185069 003 CaOOAMICUS 005 20100126000000.0 008 100126s1926 it u000 u ita u 013 $a163064 040 $aSeMil$bita 100 1 $aValugani, Pasquale .$0(OLS)http://semarc/name/19188 245 10$aAlla conquista di una meta /$cP. Pasquale Valugani o. f. m. 260 $aMilano :$bTerragni & Calegari,$c1926. 300 $a248 p., [24] p. di tav. ;$c20 cm. 650 4$aPiccolo Collegio Lombardo.$0(OLS)http://semarc/subject/34931 850 $aSeMil 852 $aSeMil$W1$xVenegono$y1$m3F I 29$j135760$B135760$CSeMilBibl$Z2$F147298 $81 996 $6245$aAlla conquista di una meta$9(OLS)http://semarc/title/265805 996 $6260$aMilano :$bTerragni & Calegari$9(OLS)http://semarc/publisher/49821 LEADER 01149nam a2200253 i 4500 001 000000118440 003 CaOOAMICUS 005 20030929000000.0 008 030929s2002 it u000 u ita u 013 $a91133 040 $aSeMil$bita 100 1 $aCarpani, Giuseppe <1752-1825>.$0(OLS)http://semarc/name/49443 245 13$aLe Haydine, ovvero lettere sulla vita e le opere del celebre maestro Giuseppe Haydn /$cdi Giuseppe Carpani. 250 $aRistampa [anastatica]. 260 $aLipomo (Co) :$bDomus graph,$c2002. 300 $aXII, 307 p. ;$c18 cm. 500 $aFac simile dell'ed. : In Padova : dalla tipografia della Minerva, 1822. - Dono del Card. Dionigi Tettamanzi. 600 14$aHaydn, Franz Joseph <1732-1809>.$0(OLS)http://semarc/subject/11235 850 $aSeMil 852 $aSeMil$W1$xVenegono$y1$m3Q I 14$j73744$B73744$CSeMilBibl$Z2$F86123 $81 941 1 $a5 961 $aOmaggio: Tettamanzi Card. Dionigi 996 $6245$aLe Haydine, ovvero lettere sulla vita e le opere del celebre maestro Giuseppe Haydn$9(OLS)http://semarc/title/173988 996 $6260$aLipomo (Co) :$bDomus graph$9(OLS)http://semarc/publisher/45804 LEADER 00487nab a2200145 i 4500 001 000000309789 003 CaOOAMICUS 005 20180831173001.0 008 180831n xx uu u0 0und r 013 $a18884 040 $aSeMil$bita 100 1 $aBertoletti, Luigi.$0(OLS)http://semarc/name/88197 245 14$aUno sguardo ragionato alla Teosofia Rosminiana. 773 0 $t[Gennaio-Giugno].$g64-76$w()273956 996 $6245$aUno sguardo ragionato alla Teosofia Rosminiana$9(OLS)http://semarc/title/384723